| 000 | 00413nam a2200157Ia 4500 | ||
|---|---|---|---|
| 008 | 230917s9999||||xx |||||||||||||| ||und|| | ||
| 040 |
_e122972 _aMAIN |
||
| 041 | _aEnglish | ||
| 082 | _a338.4791 S25D | ||
| 100 | _aSwarbrooke, John | ||
| 245 | 0 | _aDevelopment and management of visitor attractions | |
| 250 | _a2nd ed. | ||
| 260 |
_aNew Delhi _bButterworth-Heinemann _c2003 |
||
| 300 | _a406 p. | ||
| 942 | _cBK | ||
| 999 |
_c145664 _d145664 |
||